000 00829nam a2200253 a 4500
001 000009732
005 20240412074212.0
008 091001s1999 dr 000 p spa d
020 _a8484003019
040 _aDO-SdBNP
_bspa
_cBNPHU
082 _aRD861.44
_bB333v
100 1 _aBatista, León Félix,
_d1964-
_912031
245 1 0 _aVicio :
_bpoesía /
_cLeón Félix Batista.
260 _aSanto Domingo :
_bCasa de Teatro,
_c1999.
300 _axiii, 86 p. ;
_c21 cm.
490 1 _aOrbe novo
500 _aIncluye datos biográficos del autor en la solapa de la cubierta.
586 _aAccésit Premio Poesía Casa de Teatro 1998.
590 _aInventariado, 2018/LP
650 0 _aPoesía dominicana
_966
650 0 _aLiteratura dominicana.
_967
830 0 _aOrbe novo
_924636
910 _aValidado. Control de calidad MFF
999 _c9492
_d9492